000 00697nam a2200229Ia 4500
003 OSt
005 20220923225759.0
006 a|||||r|||| 00| 0
007 ta
008 Pun
024 _a274,639
037 _cTextual
040 _aARTS
_cARTS
_bPun
041 _2Pun
_aPun
082 _aQ8441xI69, 153K8
100 _aਬੇਦੀ, ਕਾਲਾ ਸਿੰਘ
245 0 _aਵਾਰਕਾਰ ਗੁਰੂ ਨਾਨਕ
_b ਵਾਰਾਂ ਗੁਰੂ ਨਾਨਕ ਦਾ ਵਿFਲੇFਣ ਤੇ ਵਿਵੇਚਨ
260 _c1968
650 _aਧਰਮ
942 _hQ8441xI69, 153K8
_cTEXL
_2CC
999 _c380363
_d380363